BIBLIOTHÈQUE DE LA MAISON DU MEXIQUE

Logo 1 Logo 2

Apropiación y usos del agua (notice nᵒ 6295)

détails MARC
000 -Sello discográfico
campo de control de longitud fija 01125nam a2200313 4500
005 - Identificación de versión
campo de control 20251016084626.0
010 ## - Número Estándar Internacional de Libros (ISBN)
Número (ISBN) 968-884-365-2
099 ## - fechas locales
Tipo de ítem Koha LIBRO
100 ## - Datos de procesamiento general
Datos de procesamiento general 20230113d1996 m y1spay5003 ba
105 ## - Campo de datos codificados: Material textual, monográfico
Datos codificados de monografía a 001zy
200 1# - Título y mención de responsabilidad
Título propio Apropiación y usos del agua
Designación general del material texto impreso
Otra información del título nuevas líneas de investigación
Primer mención de responsabilidad Compilación Roberto Melville, Francisco Peña
205 ## - Declaración de edición
Declaración de edición 1a ed
210 ## - Publicación, distribución, etc.
Lugar de publicación, distribución, etc. México
Nombre del editor, distribuidor, etc. Universidad Autónoma Chapingo
Fecha de publicación, distribución, etc. 1996
215 ## - Descripción física
Designación de material específico y extensión del ítem 143 p
Otras características físicas il.
Dimensiones 21 cm
345 ## - Nota de información de adquisición
Fuente de adquisición/dirección de la suscripción [OBSOLETO] Donación Alain Musset
606 ## - Término temático usado como materia
Elemento de entrada Agua municipal
Subdivisión temática Abastecimiento
Subdivisión geográfica México
Número Koha 11974
606 ## - Término temático usado como materia
Elemento de entrada Agua, Abastecimiento de
Subdivisión temática Política gubernamental
Subdivisión geográfica México
Número Koha 11975
606 ## - Término temático usado como materia
Elemento de entrada Riego
Subdivisión geográfica México
Subdivisión temática Administración
Número Koha 11976
660 ## - Código de área geográfica
Código MX
702 ## - Nombre personal - Responsabilidad secundaria
Elemento de entrada Melville
Parte del nombre distinta del elemento de entrada Roberto
Fechas 1946-
Número Koha 8049
702 ## - Nombre personal - Responsabilidad secundaria
Elemento de entrada Peña de Paz
Parte del nombre distinta del elemento de entrada Francisco Javier
Número Koha 11977
801 #0 - Fuente de origen
País FR
Agencia cm
Reglas de catalogación (convenciones descriptivas) AFNOR
900 ## -
-- 1/21869
900 ## -
-- 7100417642\080104
942 ## - ELEMENTOS DE ENTRADA SECUNDARIOS (KOHA)
Tipo de ítem Koha Livre
996 ## -
-- MEX
-- 751145101
-- MMAG
-- 007203
-- 333.912 M531AP
-- 20230113LIV
Exemplaires
Estatus retirado Estado de daño Estado de pérdida Fecha de adquisición Biblioteca de origen Biblioteca actual Ubicación en estantería Código de barras Precio de reemplazo Signatura topográfica completa No para préstamo Tipo de ítem Koha Nota pública Nota no pública
      05/08/2025 Casa México Paris Casa México Paris   007203 05/08/2025 333.912 M531AP   Livre 20230113LIV 751145101